Temas desarrollados por el doctor D. Luis Comenge en la Sección X del Primer Congreso Español Internacional de la Tuberculosis, celebrado en Barcelona del 10 al 22 de octubre de 1910. (Record no. 46371)

MARC details
000 -LEADER
campo de control de longitud fija 00798nam a2200193 i 4500
001 - NÚMERO DE CONTROL
campo de control 46371
003 - IDENTIFICADOR DE NÚMERO DE CONTROL
campo de control ES-MaACL
005 - FECHA Y HORA DE LA ÚLTIMA TRANSACCIÓN
campo de control 20250820063034.0
007 - CAMPO FIJO DE DESCRIPCIÓN FÍSICA--INFORMACIÓN GENERAL
campo de control de longitud fija t|
008 - DATOS DE LONGITUD FIJA--INFORMACIÓN GENERAL
campo de control de longitud fija 030328s1910 sp ||||1| spa d
100 1# - ENTRADA PRINCIPAL--NOMBRE DE PERSONA
Nombre de persona Comenge y Ferrer, Luis,
Fechas asociadas al nombre 1854-1916
9 (RLIN) 126554
245 10 - MENCIÓN DEL TÍTULO
Título Temas desarrollados por el doctor D. Luis Comenge en la Sección X del Primer Congreso Español Internacional de la Tuberculosis, celebrado en Barcelona del 10 al 22 de octubre de 1910.
260 ## - PUBLICACIÓN, DISTRIBUCIÓN, ETC.
Lugar de publicación, distribución, etc. Barcelona :
Nombre del editor, distribuidor, etc. [s.n.],
Fecha de publicación, distribución, etc. 1910 (
Fabricante Tip. La Académica)
300 ## - DESCRIPCIÓN FÍSICA
Extensión 24 p., [10] h. pleg. de gráf. ;
Dimensiones 25 cm.
650 #7 - PUNTO DE ACCESO ADICIONAL DE MATERIA--TÉRMINO DE MATERIA
Término de materia o nombre geográfico como elemento de entrada Tuberculosis
Fuente del encabezamiento o término embne
9 (RLIN) 17658
711 2# - ENTRADA AGREGADA--NOMBRE DE REUNIÓN
Nombre de congreso/reunión o jurisdicción como elemento de entrada Congreso Español Internacional de la Tuberculosis (
Número del congreso/reunión o número de parte o sección 1º.
Fecha del congreso o de la firma del tratado 1910.
Sede del congreso/Lugar de la reunión Barcelona)
9 (RLIN) 364
852 ## - LOCALIZACIÓN
Ubicación ES-MaACL
Número de control de estantería T-1381-F-2
Holdings
Estatus retirado Estado de pérdida Estado de daño No para préstamo Colección Biblioteca de origen Biblioteca actual Ubicación en estantería Fecha de adquisición Fuente de adquisición Total de préstamos Signatura topográfica completa Código de barras Visto por última vez Precio de reemplazo Tipo de ítem Koha
        Colección de folletos Biblioteca del Ateneo de Madrid Biblioteca del Ateneo de Madrid Depósito folletos 17/01/2008     T-1381-F-2 1048771 23/02/2023 23/02/2023 Folleto